01500nam a2200409 i 4500001000700000003000800007005001700015006001900032007001500051008004100066035002300107035002400130035002500154035002100179040003100200050002400231080001400255082001700269110004600286245012300332264004500455300004500500336003100545337003300576338004300609500002300652588012300675600003900798650002400837650001800861650004100879650003400920651003500954651001200989655002701001856006201028147760FlNmELB20241217182248.0m o d | cr cnu||||||||140601s2014 flu o 001 0 spa d a(MiAaPQ)EBC3218284 a(Au-PeEL)EBL3218284 a(CaPaEBR)ebr10844341 a(OCoLC)929734811 aFINmELBbspaerdacFINmELB 4aJC599.P4bC827 2014 a342.7(85)0 a323.09852232 aCorte Interamericana de Derechos Humanos.10aCaso de la Cruz Flores vs. Perú :bsentencia de 18 de noviembre de 2004 /cCorte Interamericana de Derechos Humanos. 1aMiami :bEl Cid Editor / apuntes,c2014. a1 recurso en línea (iii, 84 páginas) atextobtxt2rdacontent/spa acomputadorabc2rdamedia/spa arecurso en líneabcr2rdacarrier/spa aContiene índice. aDescripción basada en recurso en línea; Título de la página del título en PDF (e-libro, visto June 1, 2014).10aDe la Cruz Flores, María Teresa. 0aHuman rightszPeru. 0aFalse arrest. 4aViolación de los derechos humanos. 4aAdministración de justicia. 0aPeruxTrials, litigation, etc. 4aPerú. 4aLibros electrónicos.40uhttps://elibro.net/ereader/politecnicointernacional/30335